000 00832nam a2200229 a 4500
005 20200104041600.0
008 160205t1994 enk fr|||| 001 0 eng d
020 _a1853392502
040 _aCO-BoIAVH
_cCO-BoIAVH
041 0 _aeng
044 _aenk
082 0 4 _a306.364
_bB48b
245 0 0 _aBeyond farmer first :
_brural people's knowledge, agricultural research and extension practice /
_cEdited by Ian Scoones and Jhon Thompson with a foreword by Robert Chambers
260 _aLondon :
_bInternational Institute for Environment and Development,
_c1994.
300 _a301 páginas ;
_c23 x 15 cm.
650 1 6 _aDesarrollo agrícola
650 2 6 _aAgricultura
700 1 _aScoones, Ian
_eEditor
700 1 _aThompson, John
_eEditor
700 1 _aChambers, Ian
_eEditor
942 _cLIBRO
_2ddc
999 _c5626
_d5626